Egy hamis névjegyzékröl

Informácia o tom, že zoznam virilistov Zemplínskej župy za rok 1905 končí lekárom Vavrincom Löchererom, napriek tomu že v jednotlivých oresoch vuiacerí platia vyššie dane a mali by mať teda aj politické výhody. Priložený zoznam mien, ktorí platia viac daní

Podrobná bibliografia
Médium: Článok
Jazyk:Hungarian
Témy:
Zdroj: 1. Felsőmagyarországi Hirlap : Politikai ujság 1. Roč. 7, č. 81 (16.10.1904) s. 4
LEADER 01164nab#a2200337#ar4500
001 000090455
003 SVKKK
005 20080717100732.0
008 080707d1904 xo |||||||||||||||b|hun
FMT
038 |a SVKKK 
040 |a SVKKK  |b slo  |e AACR2 
041 0 |a hun 
044 |a xo  |c SK 
080 |a 336:225.3  |2 1997 
242 1 0 |a O jednom falošnom súpise mien  |y slo 
245 1 0 |a Egy hamis névjegyzékröl 
500 |a Popis z mikrofilmu 
500 |a Dohľadanie 
520 2 |a Informácia o tom, že zoznam virilistov Zemplínskej župy za rok 1905 končí lekárom Vavrincom Löchererom, napriek tomu že v jednotlivých oresoch vuiacerí platia vyššie dane a mali by mať teda aj politické výhody. Priložený zoznam mien, ktorí platia viac daní 
650 0 4 |a virilisti Zemplínskej župy  |x zoznamy neúplné  |z Sátoraljaújhely (Slovensko/Maďarsko)  |y 1905 
655 4 |a hungariká 
773 0 |t Felsőmagyarországi Hirlap : Politikai ujság  |g Roč. 7, č. 81 (16.10.1904) s. 4 
957 |a Sátoraljaújhely 
958 |a DG 
958 |a HU 
974 |a Ba 
992 |a RBX 
997 |d Sátoraljaújhely 
BAS
998 |a RETRO